000 01034nam2a22002651 4500
001 rc\4727159
005 20250612163556.0
021 _aRU
_b[60-55695]
035 _a(NLR Aleph) 008731627
090 _a9480134
_c9480134
100 _a20130416d1960 |||y0rusy50 ca
101 0 _arus
102 _aRU
105 _aa z |||||
200 1 _aУборка кукурузы на силос и способы силосования. Уборка кукурузы на зерно. Хранение кукурузы
210 _d1960
_aБ. м.
215 _a32 с.
_cчерт.
461 0 _1001rc\4727158
_12001#$aПамятка кукурузоводу$vВып. 4
_99480129
_cСтаврополь
_d1960
_nКн. изд-во
_tПамятка кукурузоводу
_vВып. 4
517 0 _aХранение кукурузы
517 0 _aУборка кукурузы на зерно. Хранение кукурузы
801 0 _aRU
_bNLR
_gpsbo
801 1 _aRU
_bELAR
_2rusmarc
852 _aNLR
_j60-4/10503
942 _cBOOK
980 _aNB